000 00558nam a22001811a 4500
003 NEGST
005 20150929020002.0
008 030618s1964 pau 001 0 eng d
245 1 4 _aThe eclipse of the historical Jesus /
_cby Henry J. Cadbury.
_h[Text]
260 _aLebanon, PA
_bPendle Hill
_c1964
300 _a35p.
440 0 _aPendle Hill pamphlet ;
_v133
500 _aHaverford library lectures, Haverford College, April, 1963. Includes bibliography.
590 _aAccession number: 20317
650 0 _aJesus Christ.
942 0 0 _01
999 _c6679
_d6679